Стихотворения

Бібліографічні деталі
Автор: Гудзенко С. П. Семен Петрович
Інші автори: Ярославцева С. (составитель), Лурье А. (иллюстратор)
Мова:Російська
Опубліковано: Москва, Современник, 1985
Предмети:
Формат: Книга
KOHA link:https://koha.lib.tpu.ru/cgi-bin/koha/opac-detail.pl?biblionumber=121804

MARC

LEADER 00000nam0a2200000 4500
001 121804
005 20231101215713.0
020 |a RU  |b 85-56020 
035 |a (RuTPU)RU\TPU\book\131907 
090 |a 121804 
100 |a 20070920d1985 m y0rusy5003 ca 
101 0 |a rus 
102 |a RU 
105 |a a z 000gy 
200 1 |a Стихотворения  |f С. П. Гудзенко  |g сост. С. Ярославцева; худож. А. Лурье 
210 |a Москва  |c Современник  |d 1985 
215 |a 144 с.  |c ил.  |d 17 см 
610 1 |a русская литература 
610 1 |a поэзия военных лет 
675 |a Р2  |z rus 
700 1 |a Гудзенко  |b С. П.  |c русский поэт  |f 1922-1953  |g Семен Петрович  |2 stltpush  |3 (RuTPU)RU\TPU\pers\14827  |9 5004 
702 1 |a Ярославцева  |b С.  |4 220 
702 1 |a Лурье  |b А.  |4 440 
801 0 |a RU  |b RuMRKP  |c 19950704  |g psbo 
801 1 |a RU  |b 63413507  |c 20070920  |g PSBO 
801 2 |a RU  |b 63413507  |c 20070920  |g PSBO 
942 |c BK